Europe General Knowledge - Extreme - Statistics

General Stats
  • This quiz has been taken 96 times
    83 since last reset
  • The average score is 66 of 80
Answer Stats
Question Tile Select % Correct
Countries that border 4 or more countries Ireland No
100%
Countries that border 4 or more countries Malta No
100%
Leaders of a European country Bidhya Devi Bhandari No
96%
Capital cities of Europe Helsinki Yes
96%
Leaders of a European country Joko Widodo No
96%
Capital cities of Europe Manchester No
96%
Leaders of a European country Yoshihide Suga No
96%
Capital cities of Europe Copenhagen Yes
95%
Capital cities of Europe Dublin Yes
95%
Countries of the former Yugoslavia Greece No
95%
Countries of the former Yugoslavia Italy No
95%
Capital cities of Europe Jerusalem No
95%
Leaders of a European country Joe Biden No
95%
Capital cities of Europe Madrid Yes
95%
Capital cities of Europe Naples No
95%
Capital cities of Europe Ottawa No
95%
Countries of the former Yugoslavia Turkey No
95%
States in Germany Alaska No
93%
Countries that border 4 or more countries Denmark No
93%
Leaders of a European country Emanuel Macron Yes
93%
Capital cities of Europe Frankfurt No
93%
Capital cities of Europe Lisbon Yes
93%
States in Germany Netherlands No
93%
States in Germany Prague No
93%
Capital cities of Europe Rotterdam No
93%
States in Germany Warsaw No
93%
Capital cities of Europe Rabat No
92%
Leaders of a European country Angela Merkel Yes
91%
States in Germany Bavaria Yes
91%
Capital cities of Europe Belgrade Yes
91%
Countries that border 4 or more countries Finland No
91%
Countries that border 4 or more countries France Yes
89%
Leaders of a European country Michel Aoun No
89%
Countries of the former Yugoslavia Romania No
89%
Leaders of a European country Vladimir Putin Yes
89%
Capital cities of Europe Bern Yes
88%
Leaders of a European country Boris Johnson Yes
88%
Countries that border 4 or more countries Estonia No
88%
Countries of the former Yugoslavia Moldova No
88%
Countries of the former Yugoslavia Serbia Yes
88%
Countries of the former Yugoslavia Croatia Yes
87%
Countries of the former Yugoslavia Hungary No
87%
States in Germany North Rhine-Westphalia Yes
87%
Countries that border 4 or more countries Poland Yes
87%
States in Germany Schleswig-Holstein Yes
87%
Capital cities of Europe Vatican City Yes
87%
Countries of the former Yugoslavia Bosnia & Herzegovina Yes
86%
Countries of the former Yugoslavia Kosovo Yes
86%
Countries of the former Yugoslavia Czechia No
84%
Countries that border 4 or more countries Ukraine Yes
84%
Countries of the former Yugoslavia Montenegro Yes
83%
Countries that border 4 or more countries Spain No
83%
States in Germany Frankfurt No
80%
Capital cities of Europe Istanbul No
80%
Countries of the former Yugoslavia North Macedonia Yes
80%
Countries that border 4 or more countries Romania Yes
80%
Countries of the former Yugoslavia Slovenia Yes
80%
Leaders of a European country Félix Tshisekedi No
79%
States in Germany Saxony Yes
79%
Countries of the former Yugoslavia Slovakia No
79%
Countries of the former Yugoslavia Albania No
78%
States in Germany Nuremburg No
76%
States in Germany Saxony-Anhalt Yes
76%
Leaders of a European country Pope Francis Yes
75%
Countries that border 4 or more countries Slovakia Yes
75%
States in Germany Kuyavia-Pomerania No
74%
Countries that border 4 or more countries Moldova No
74%
States in Germany Prussia No
72%
Countries that border 4 or more countries Belarus Yes
71%
Leaders of a European country Viktor Orbán Yes
70%
Countries that border 4 or more countries Italy Yes
67%
Countries that border 4 or more countries Belgium Yes
62%
Countries that border 4 or more countries Croatia Yes
62%
Leaders of a European country Mikhail Gorbachev No
54%
States in Germany Bremen Yes
47%
Leaders of a European country Miloš Zeman Yes
47%
Leaders of a European country Nicos Anastasiades No
43%
States in Germany Hamburg Yes
38%
States in Germany Berlin Yes
36%
Leaders of a European country Pedro Sánchez Yes
34%
No matching quizzes found
Score Distribution
Percent of People with Each Score
Percentile by Number Answered
Your Score History
You have not taken this quiz since the last reset